Nitriansky umelec vystavuje v Banskej Bystrici

Bibliographic Details
Format: Article
Language:Slovak
Subjects:

MARC

LEADER 00000nab a22000001a 4500
001 vtls009351252
003 SK-MaSNL
005 20260304223526.0
008 081021d19381218xo |r|p|||| |000 b|slo
015 |a SNBRRBVU1918-1938 
038 |a SNKBUCL 
038 |a SNKBUVU 
040 |a SNKBUVU  |b slo  |c SNKBUCL  |e AACR2 
041 0 |a slo 
044 |a xo  |c SK 
080 |a 75.071.1  |2 1997 
080 |a 061.4  |2 1997 
245 0 0 |a Nitriansky umelec vystavuje v Banskej Bystrici 
500 |a V rubrike Zvesti 
600 1 7 |a Satin, Jozef,  |d 1913-1956  |2 MM  |9 117542 
648 7 |a 1938  |2 MM  |9 310540 
650 0 7 |a slovenské maliarstvo  |2 MM  |9 3124 
650 0 7 |a výstavy  |2 MM  |9 2780 
651 7 |a Banská Bystrica (Slovensko)  |2 MM  |9 22015 
773 0 |t Slovák  |g Roč. 20, č. 288 (18.12.1938), s. 8 
852 |a SNK  |b KIS3GCP 
910 |a snkrbvumm 
958 |a VY 
999 |c 3168317  |d 3170247